000 00441nmm a2200169Ia 4500
008 251105s9999||||xx |||||||||||||||||und||
020 _a8489354715
041 _aspa
100 _aCasanova, Giacomo
245 0 _aBreviario
264 _a[Madrid, España] :
_bMontesinos,
_c2005
300 _a208 páginas
490 _aNarrativa
650 _aOther narratives
856 _uhttps://public.digitaliapublishing.com/a/37079
942 _cCF
999 _c73892
_d73892